EK kritizovala ekonomický vývoj Írska

Európska komisia zvažuje spôsob varovať írskych predstaviteľov v súvislosti s aktuálnymi ekonomickými ukazovateľmi v ich krajine. V centre kritiky je expanzívna rozpočtová politika. Negatívne hodnotenie OECD .

Salvato in:
Dettagli Bibliografici
Autore principale: Peterský, Róbert
Natura: Capitolo di libro
Lingua:slovacco
Soggetti:
Tags: Aggiungi Tag
Nessun Tag, puoi essere il primo ad aggiungerne!!

MARC

LEADER 00000naa a2200000 4500
001 r040555
005 20230720103608.1
041 0 |a slo 
044 |a SK 
245 1 0 |a EK kritizovala ekonomický vývoj Írska  |c Róbert Peterský 
520 |a Európska komisia zvažuje spôsob varovať írskych predstaviteľov v súvislosti s aktuálnymi ekonomickými ukazovateľmi v ich krajine. V centre kritiky je expanzívna rozpočtová politika. Negatívne hodnotenie OECD . 
610 2 0 |a vývoj hospodársky 
610 2 0 |a politika hospodárska 
610 2 0 |a politika fiškálna 
610 2 0 |a politika rozpočtová 
610 2 0 |a kritika 
610 2 0 |a Írsko 
610 2 0 |a Európska únia 
100 1 |a Peterský, Róbert